KOHA-Header-6

Lexicon Universal Encyclopedia (Record no. 9372)

000 -LEADER
fixed length control field 00274nam a2200109Ia 4500
100 ## - MAIN ENTRY--AUTHOR NAME
Personal name Lexicon Publications
245 #0 - TITLE STATEMENT
Title Lexicon Universal Encyclopedia
260 ## - PUBLICATION, DISTRIBUTION, ETC. (IMPRINT)
Place of publication New York
Name of publisher Lexicon P
Year of publication 498
300 ## - PHYSICAL DESCRIPTION
Number of Pages 2002
942 ## - ADDED ENTRY ELEMENTS (KOHA)
Koha item type Books
Holdings
Withdrawn status Lost status Permanent Location Current Location Date acquired Full call number Accession Number Koha item type
    MAJU MAJU 2019-09-14 658.8 5035 Books

Powered by Koha